000 00793nam a2200205Ia 4500
001 7300
003 GE_BSU
008 181216s||||||||xx |||||||||||||| ||und||
040 _cGE_BSU
080 _a621.311.4
100 _aГительсон,С.М.
245 _aЭкономические решения при проектировании электроснабжения промышленных предприятий.
245 _cРед.В.Б.Куинджи. Т.Л.Зырянова.
260 _aМ.
260 _bЭнергия.
260 _c1971.
300 _a256стр.19см.с илл.
653 _aЭкономические решения при проектировании электроснабжения промышленных предприятий.
942 _cBK
999 _c40672
_d40672